« Retourner aux résultats de recherche
Je ne suis pas bien au travail
je change quoi ?
| Auteur principal: | Didier Goutman |
|---|---|
| D'autres auteurs: | Juliette Allais |
| Support: | Livres |
| Langue: | Francais |
| Genre: |
Documentaire |
| Sujets: | |
| Étiquettes: |
Ajouter
Pas de Tags !
|
| LEADER | 00960nam0a2200193 450 | ||
|---|---|---|---|
| 001 | 16847909 | ||
| 010 | |a 978-2-416-01805-3 |b br. |d 14 | ||
| 100 | |a 20240614d2024 u u0frey01 ba | ||
| 101 | 0 | |a fre | |
| 102 | |a FR | ||
| 200 | 0 | |a Je ne suis pas bien au travail |e je change quoi ? |f Didier Goutman |g avec la contribution de Juliette Allais | |
| 207 | 1 | |a | |
| 215 | |a 1 vol. |d 21 x 15 cm | ||
| 330 | |a Issues d'expériences d'accompagnement réelles, des idées concrètes et des conseils afin d'identifier ce qui pose problème à son travail et ce qu'il faut changer pour s'épanouir, que ce soit à travers une reconversion professionnelle ou une simple modification dans ses habitudes et ses postures au travail. Electre 2024 | ||
| 700 | 0 | |a Goutman |b Didier |4 70 | |
| 702 | 0 | |a Allais |b Juliette |4 205 | |
| 900 | |a Documentaire | ||
| 901 | |a Accessible au prêt | ||
| 995 | |a Bibliothèque |c Bibliothèque |f 00156011587557 |h 00156011587557 |k 158.2 GOU |o p |q a |r az |e Bibliothèque | ||
